<?xml version="1.0" encoding="UTF-8"?>
<record
    xmlns:xsi="http://www.w3.org/2001/XMLSchema-instance"
    xsi:schemaLocation="http://www.loc.gov/MARC21/slim http://www.loc.gov/standards/marcxml/schema/MARC21slim.xsd"
    xmlns="http://www.loc.gov/MARC21/slim">

  <leader>00493nam a2200169   4500</leader>
  <controlfield tag="003">SEACOMMC</controlfield>
  <controlfield tag="005">20250423121937.0</controlfield>
  <controlfield tag="008">241024b        |||||||| |||| 00| 0 eng d</controlfield>
  <datafield tag="020" ind1=" " ind2=" ">
    <subfield code="a"> 81-86299-63-7</subfield>
    <subfield code="c">Rs.185.00</subfield>
  </datafield>
  <datafield tag="040" ind1=" " ind2=" ">
    <subfield code="a">SEACOMMC</subfield>
  </datafield>
  <datafield tag="082" ind1=" " ind2=" ">
    <subfield code="a">658 </subfield>
    <subfield code="b">C 495</subfield>
  </datafield>
  <datafield tag="100" ind1=" " ind2=" ">
    <subfield code="a">Chatterjee, B. K</subfield>
  </datafield>
  <datafield tag="245" ind1="1" ind2=" ">
    <subfield code="a">Organisational Behaviour and Beyond : for holistic effectiveness in management</subfield>
    <subfield code="c"> B. K. Chatterjee</subfield>
  </datafield>
  <datafield tag="260" ind1=" " ind2=" ">
    <subfield code="a"> New Delhi</subfield>
    <subfield code="b"> Asian Books</subfield>
    <subfield code="c"> 2004</subfield>
  </datafield>
  <datafield tag="650" ind1=" " ind2=" ">
    <subfield code="a"> Management</subfield>
  </datafield>
  <datafield tag="942" ind1=" " ind2=" ">
    <subfield code="c">BOOK</subfield>
  </datafield>
  <datafield tag="952" ind1=" " ind2=" ">
    <subfield code="0">0</subfield>
    <subfield code="1">0</subfield>
    <subfield code="2">ddc</subfield>
    <subfield code="4">0</subfield>
    <subfield code="7">0</subfield>
    <subfield code="a">SEACOMMC</subfield>
    <subfield code="b">SEACOMMC</subfield>
    <subfield code="c">REF</subfield>
    <subfield code="d">2007-11-02</subfield>
    <subfield code="l">0</subfield>
    <subfield code="o">658  C 495</subfield>
    <subfield code="p">M-664</subfield>
    <subfield code="r">2024-10-24 12:11:21</subfield>
    <subfield code="w">2024-10-24</subfield>
    <subfield code="y">BOOK</subfield>
  </datafield>
  <datafield tag="952" ind1=" " ind2=" ">
    <subfield code="0">0</subfield>
    <subfield code="1">0</subfield>
    <subfield code="2">ddc</subfield>
    <subfield code="4">0</subfield>
    <subfield code="7">0</subfield>
    <subfield code="a">SEACOMMC</subfield>
    <subfield code="b">SEACOMMC</subfield>
    <subfield code="d">2007-11-02</subfield>
    <subfield code="l">0</subfield>
    <subfield code="o">658  C 495</subfield>
    <subfield code="p">M-665</subfield>
    <subfield code="r">2024-10-24 12:11:55</subfield>
    <subfield code="t">1</subfield>
    <subfield code="w">2024-10-24</subfield>
    <subfield code="y">BOOK</subfield>
  </datafield>
  <datafield tag="952" ind1=" " ind2=" ">
    <subfield code="0">0</subfield>
    <subfield code="1">0</subfield>
    <subfield code="2">ddc</subfield>
    <subfield code="4">0</subfield>
    <subfield code="7">0</subfield>
    <subfield code="a">SEACOMMC</subfield>
    <subfield code="b">SEACOMMC</subfield>
    <subfield code="d">2007-11-02</subfield>
    <subfield code="l">0</subfield>
    <subfield code="o">658  C 495</subfield>
    <subfield code="p">M-666</subfield>
    <subfield code="r">2024-10-24 12:11:55</subfield>
    <subfield code="t">2</subfield>
    <subfield code="w">2024-10-24</subfield>
    <subfield code="y">BOOK</subfield>
  </datafield>
  <datafield tag="952" ind1=" " ind2=" ">
    <subfield code="0">0</subfield>
    <subfield code="1">0</subfield>
    <subfield code="2">ddc</subfield>
    <subfield code="4">0</subfield>
    <subfield code="7">0</subfield>
    <subfield code="a">SEACOMMC</subfield>
    <subfield code="b">SEACOMMC</subfield>
    <subfield code="d">2007-11-02</subfield>
    <subfield code="l">0</subfield>
    <subfield code="o">658  C 495</subfield>
    <subfield code="p">M-667</subfield>
    <subfield code="r">2024-10-24 12:11:55</subfield>
    <subfield code="t">3</subfield>
    <subfield code="w">2024-10-24</subfield>
    <subfield code="y">BOOK</subfield>
  </datafield>
  <datafield tag="952" ind1=" " ind2=" ">
    <subfield code="0">0</subfield>
    <subfield code="1">0</subfield>
    <subfield code="2">ddc</subfield>
    <subfield code="4">0</subfield>
    <subfield code="7">0</subfield>
    <subfield code="a">SEACOMMC</subfield>
    <subfield code="b">SEACOMMC</subfield>
    <subfield code="d">2007-11-02</subfield>
    <subfield code="l">0</subfield>
    <subfield code="o">658  C 495</subfield>
    <subfield code="p">M-668</subfield>
    <subfield code="r">2024-10-24 12:11:55</subfield>
    <subfield code="t">4</subfield>
    <subfield code="w">2024-10-24</subfield>
    <subfield code="y">BOOK</subfield>
  </datafield>
  <datafield tag="999" ind1=" " ind2=" ">
    <subfield code="c">697</subfield>
    <subfield code="d">697</subfield>
  </datafield>
</record>
